| 000 | 00516nam a2200145 a 4500 | ||
|---|---|---|---|
| 005 | 20140414131853.0 | ||
| 008 | 100806s19uu xx 00 eng d | ||
| 050 |
_aM 591 _bB46 1995 |
||
| 100 | _aBerger, Melvin | ||
| 245 |
_aA whale is not a fish : _band other animal mix-ups / _cby Melvin Berger ; illustrated by Marshall Peck III. |
||
| 260 |
_aNew York : _bScholastic, _c1995. |
||
| 650 |
_aAnimals _xIdentification _xJuvenile literature. |
||
| 650 |
_aAnimals _xClassification _xJuvenile literature |
||
| 999 |
_c110279 _d110279 |
||